| 000 | 00450cam a2200169 a 4500 | ||
|---|---|---|---|
| 020 | _a0070577110 (acidfree paper) | ||
| 040 | _cDLC | ||
| 082 | 0 | 0 | _a330 MCG 1997 A070 Or. |
| 100 | 1 | _aSchiller, Bradley R., | |
| 245 | 1 | 4 | _aThe economy today / |
| 250 | _a7th ed. | ||
| 260 |
_aNew York : _bMcGraw-Hill Companies, _cc1997. |
||
| 300 |
_axxxi, 858, [89] p. : _bcol. ill. ; _c26 cm. |
||
| 500 | _aIncludes index. | ||
| 650 | 0 | _aEconomics. | |
| 942 | _cEK | ||
| 999 |
_c14735 _d14735 |
||